Φορτώνει......

Sustainable crop protection under protected cultivation

Λεπτομέρειες βιβλιογραφικής εγγραφής
Κύριος συγγραφέας: Parvatha Reddy, P
Μορφή: Printed Book
Έκδοση: New York Springer 2016
Θέματα:
LEADER 00723nam a22002177a 4500
003 OSt
020 |a 9789812879509 
082 |a 632.9  |b PAR/SU 
100 |a Parvatha Reddy, P 
245 |a Sustainable crop protection under protected cultivation 
260 |a New York  |b Springer  |c 2016 
300 |a v, 433p. 
546 |a English 
650 |a Crop protection 
650 |a Managing the crop environment 
650 |a Cultural techniques 
650 |a biological control of plant pathogens 
650 |a Disease management 
942 |2 ddc  |c REF 
999 |c 155911  |d 155911 
952 |0 0  |1 0  |2 ddc  |4 0  |6 632_900000000000000_PARSU  |7 1  |8 REF  |9 154954  |a KAUCLV  |b KAUCLV  |c REF  |d 2017-07-01  |g 11144.00  |o 632.9 PAR/SU  |p 227382  |r 2017-07-01  |w 2017-07-01  |y REF